عرض عادي عرض مارك
  • Kumpulainen, Kristiina,

مدخل إسم شخص

عدد التسجيلات المستخدمة في: 1

001 - رقم الضبط

  • حقل الضبط: 38838

003 - معرف رقم الضبط

  • حقل الضبط: OSt

005 - تاريخ ووقت أخر عملية

  • حقل الضبط: 20131101182352.0

008 - عناصر بيانات ثابتة الطول

  • حقل تحكم ثابت الطول: 131101|||a|||||| | ||| d

040 ## - مصدر الفهرسة

  • هيئة الفهرسة الأصلية: OSt
  • وكالة الكتابة: OSt

100 ## - مدخل -- أسم شخص

  • إسم شخص: Kumpulainen, Kristiina,
  • تواريخ مرتبطة بالاسم: 1966-

670 ## - بيانات المصدر موجوده

  • الاستشهاد بالمصدر: Work cat.: (OSt)0: Kumpulainen, Kristiina, 1966-, Classroom interaction and social learning :, 2002.